Troubling Trifectas II Quiz Stats

Quiz Updated Jul 18, 2013

Challenge
Share
Tweet
Score 0/30 Timer 05:00
0 Plays Today
% Correct
Batman Begins
97.8%
Father
95.6%
Silver
94.8%
The Two Towers
94.8%
England
94.8%
Cycling
94.7%
Chocolate
94.7%
Gas
94.5%
Coulda
94.1%
Minute
91.8%
Baker
91.6%
Germany
90.5%
Red
89.6%
See
88.9%
Beyoncé Knowles
88.4%
% Correct
Plácido Domingo
87.9%
Sine
87%
Id
86.4%
Stop
84.9%
Wood
83%
Radiation
80.7%
Aramis
74.4%
Bulbasaur
59%
Bloemfontein
57.2%
Nick
57.1%
Jack
56.8%
Bacteria
49.6%
Casper
42.2%
Lucky Day
41.3%
Incus
32.3%

You're not logged in!

Compare scores with friends on all Sporcle quizzes.
Sign Up with Email
OR
Log In

You Might Also Like...

Show Comments

Extras

Top Quizzes Today


Score Distribution

Your Account Isn't Verified!

In order to create a playlist on Sporcle, you need to verify the email address you used during registration. Go to your Sporcle Settings to finish the process.